| 000 | 00398nam a22001337a 4500 | ||
|---|---|---|---|
| 082 |
_a620.1123 _bBRO _cL-21, P-24 |
||
| 100 |
_aBrooks, W.H _940820 |
||
| 245 |
_aStrength and elasticity of materials and theory of structures _cW.H. Brooks |
||
| 260 |
_aLondon _bMacdonald & Co. Ltd _c1950 |
||
| 300 | _a141 p. : | ||
| 526 |
_a0 _b0 _c0 _d620_112300000000000_BRO |
||
| 650 |
_aMCE _9379 |
||
| 942 |
_2ddc _cBK |
||
| 999 |
_c545068 _d545068 |
||